000 02600cam a2200349 4500500
005 20260329012023.0
041 _afre
042 _adc
100 1 0 _aDjilali-Messaoud, Fatiha
_eauthor
700 1 0 _aGuiter, Bernard
_eauthor
245 0 0 _aMoi, Arthur Rimbaud, piéton
260 _c2015.
500 _a39
520 _aArthur Rimbaud, en un laps très concis de temps d’écriture, va révolutionner la poésie pour en faire la restitution d’un ineffable sous le mode d’un éprouvé. Il ne respecte aucune des règles de l’art poétique : sculpte, lime, cisèle. Ensuite va advenir la vie poétique où la perception n’est pas restituée en écriture pour éviter sa déperdition, ainsi que la trahison par l’écriture de ce perçu. Le poète se met à marcher, à sillonner le monde jusqu’à ce que sa mort précoce vienne imposer à sa recherche le mot fin et faire de Rimbaud un des mythes les plus imposants de la modernité. Enfin Rimbaud du bateau ivre et celui du Harar semble tant se contredite que la littérature évoque un Rimbaud double. Nous tenterons de montrer qu’en fait le second Rimbaud est en filigrane dans le premier et que la sublimation gère la perversion sans pour autant bousculer l’éthique.
520 _aArthur Rimbaud, in his very brief period of writing time will revolutionize the art of poetry by putting in words unspeakable experience’s feelings. He do not respect any of the usual rules of the art of poetry : he is sculpting, filing, chiseling. Then, is coming his poetic life with no feed back of his feelings, to avoid losing and betraying perceptions. The poet is now walking, travelling around the world till his early death put a final word to his research and makes of Rimbaud one of the most impressive myths of modernity. Lastly, Rimbaud of the drunken boat and Rimbaud of the Harar seem so different that a double Rimbaud is often mentioned in the literature. We shall try to demonstrate that the second Rimbaud is implicit in the first one and that sublimation manages perversion without overthrowing ethic rules.
690 _aailleurs
690 _aelsewhere
690 _ahooligan
690 _amarche
690 _apedestrian
690 _aperversion
690 _aPiéton
690 _apoésie
690 _apoetry
690 _asublimation
690 _atravel
690 _avoyage
690 _avoyou
690 _awalk
786 0 _nPsy Cause | 68 | 1 | 2015-01-20 | p. 5-10 | 1245-2394
856 4 1 _uhttps://shs.cairn.info/revue-psy-cause-2015-1-page-5?lang=fr&redirect-ssocas=7080
999 _c1867144
_d1867144